000 00948nam0a22002651 4500
001 rc\2329812
005 20250623075851.0
035 _a(NLR Aleph) 006675911
090 _a5033180
_c5033180
100 _a20110829d1977 |||y0rusy50 ca
101 0 _arus
102 _aRU
105 _aa z |||||
200 1 _aКнига для чтения по русскому языку в третьем классе бурятской школы
_fП.Г. Петрова
210 _aУлан-Удэ
_cБурят. кн. изд-во
_d1977
215 _a208 с.
_cил.
_d22
300 _aНа пер. авт. не указан
606 _aРусский язык
_jХрестоматии для нерусских школ
_2rkp
700 1 _aПетрова
_bП.Г.
_gПолина Григорьевна
801 0 _aRU
_bNLR
_gpsbo
801 1 _aRU
_bELAR
_2rusmarc
852 _aNLR
_j77-5/4767
899 _aRuMoRGB
_jM 77-3/414
942 _cBOOK
980 _aNB